000
00317nam a2200121 a 4500
001
4140
005
20140414131957.0
008
090218s19uu xx 00 eng d
050
_a
TR 621.8
_b
M55 2003
100
_a
Merrell, Jo Ann
245
_a
Simple machines :
_b
hands-on minds-on science (primary).
999
_c
112971
_d
112971